| 000 | 01870nam a22002897a 4500 | ||
|---|---|---|---|
| 003 | DO-SdBNP | ||
| 005 | 20211215135606.0 | ||
| 007 | ta | ||
| 008 | 211203b2019 dr abc|| |||| 00| 0 spa d | ||
| 020 | _a9789945894684 | ||
| 040 |
_aDO-SdBNP _bspa _cBNPHU |
||
| 082 | 4 | _222 | |
| 100 | 1 |
_aLópez Belando, Adolfo José _980802 |
|
| 242 | _yEl poblado Taíno de Playa Grande informe arqueológico | ||
| 245 | 1 | 0 |
_aEl poblado Taíno de Playa Grande : _binforme arquelógico / _cAdolfo López Belando ; presentación Luis Scheker Ortiz. |
| 260 |
_aSanto Domingo : _bAcademia de Ciencias de la República Dominicana, _bShelley Foundation, _c2019. |
||
| 300 |
_a299 p. : _bil. ; _c26 cm. |
||
| 490 | 1 | _aPublicaciones de la Academia de Ciencias de la República Dominicana | |
| 500 | _aIncluye datos biográficos del autor en la contracubierta. | ||
| 504 | _aBibliografía : p. 297-299 | ||
| 505 | 0 | _aPresentación -- Preámbulo -- Reconocimientos -- Introducción -- Antecedentes -- Desarrollo de los trabajos -- Áreas del establecimiento humano -- Playa Grande, Corte – 1 -- Playa Grande, Corte – 2 -- Playa Grande, Corte -- Playa Grande, Corte – 4 -- Playa Grande, Corte – 5 -- Playa Grande, Corte – 6 -- Playa Grande, Corte – 7 -- Playa Grande, Corte 7 (A-H) -- Playa Grande, Corte 8 -- Estudio estratigráfico de los Cortes 7 y 7 (A-H) -- Gráficos estadísticos de los materiales y los tipos -- Conclusiones de las excavaciones -- Herramientas obtenidas durante las excavaciones -- Producción de hachas de jadeíta -- Tipos cerámicos --Objetos con connotaciones rituales -- Objetos importados – Bibliografía. | |
| 590 | _aInventariado, 2021 /LP | ||
| 700 | 1 |
_aScheker Ortiz, Luis, _epresent. _99515 |
|
| 830 | 0 |
_aPublicaciones de la Academia de Ciencias de la República Dominicana _980803 |
|
| 910 | _aLopérez. | ||
| 942 |
_2ddc _cLBS1 |
||
| 999 |
_c51093 _d51093 |
||